[Event "2nd Cairns Cup 2020"]
[Site "Saint Louis USA"]
[Date "2020.02.15"]
[Round "8.3"]
[White "Muzychuk, Mariya"]
[Black "Harika, Dronavalli"]
[Result "1/2-1/2"]
[WhiteTitle "GM"]
[BlackTitle "GM"]
[WhiteElo "2552"]
[BlackElo "2518"]
[WhiteFideId "14114550"]
[BlackFideId "5015197"]
[EventDate "2020.02.07"]

1. e4 c5 2. Nf3 d6 3. d4 cxd4 4. Nxd4 Nf6 5. Nc3 a6 6. h3 e6 7. g4 Nfd7 8. g5 b5
9. Bg2 Bb7 10. h4 Nc6 11. Nxc6 Bxc6 12. Ne2 Nc5 13. Ng3 d5 14. exd5 Bxd5 15.
Bxd5 Qxd5 16. Qxd5 exd5 17. Be3 O-O-O 18. O-O-O Ne6 19. Nf5 h6 20. f4 g6 21.
Nxh6 Bxh6 22. gxh6 f5 23. h5 Rxh6 24. hxg6 Rxg6 25. Rh5 d4 26. Bd2 Rd5 27. Rdh1
Kb7 28. Rh7+ Kc6 29. Ra7 Kb6 30. Re7 Nc5 31. b4 Ne4 32. Be1 Rd8 33. Rh5 Rg1 34.
Kd1 Nc3+ 35. Kd2 Ne4+ 36. Ke2 Rg2+ 37. Kd3 Nd6 38. Rh6 Kc6 39. Bh4 Rd7 40. Bf6
Rg3+ 41. Kxd4 Nf7+ 42. Rxd7 Kxd7 43. Rh2 Ke6 44. Bh4 Rf3 45. Bg5 Kd6 46. c3 Rf1
47. Rh7 Rd1+ 48. Ke3 Ke6 49. Rg7 Nd6 50. Re7+ Kd5 51. Re5+ Kc6 52. Rc5+ Kd7 53.
a3 Ra1 54. Bf6 Nc4+ 55. Kf3 Ra2 56. Bd4 Nd2+ 57. Ke3 Nc4+ 58. Kf3 1/2-1/2

[Event "2nd Cairns Cup 2020"]
[Site "Saint Louis USA"]
[Date "2020.02.16"]
[Round "9.1"]
[White "Harika, Dronavalli"]
[Black "Koneru, Humpy"]
[Result "1/2-1/2"]
[WhiteTitle "GM"]
[BlackTitle "GM"]
[WhiteElo "2518"]
[BlackElo "2580"]
[WhiteFideId "5015197"]
[BlackFideId "5008123"]
[EventDate "2020.02.07"]

1. e4 e5 2. Nf3 Nf6 3. Nc3 Nc6 4. d4 exd4 5. Nxd4 Bb4 6. Nxc6 bxc6 7. Bd3 d5 8.
exd5 cxd5 9. O-O O-O 10. Bg5 c6 11. Qf3 h6 12. Bxf6 Qxf6 13. Qxf6 gxf6 14. Ne2
Bd6 15. Nd4 c5 16. Nf5 Bxf5 17. Bxf5 Rfe8 18. Rad1 d4 19. Rfe1 Re5 20. Bd3 Rae8
21. Kf1 Kg7 22. Re2 Bc7 23. Rde1 Ba5 24. Rd1 R8e7 25. g3 Bc7 26. Rde1 Ba5 27.
Rd1 Bc7 28. Rde1 Ba5 29. Rd1 1/2-1/2

[Event "2nd Cairns Cup 2020"]
[Site "Saint Louis USA"]
[Date "2020.02.16"]
[Round "9.3"]
[White "Yip, Carissa"]
[Black "Muzychuk, Mariya"]
[Result "1/2-1/2"]
[WhiteTitle "FM"]
[BlackTitle "GM"]
[WhiteElo "2412"]
[BlackElo "2552"]
[WhiteFideId "2090732"]
[BlackFideId "14114550"]
[EventDate "2020.02.07"]

1. e4 c6 2. d4 d5 3. Nd2 dxe4 4. Nxe4 Bf5 5. Ng3 Bg6 6. h4 h6 7. Nf3 Nd7 8. h5
Bh7 9. Bd3 Bxd3 10. Qxd3 e6 11. Bd2 Ngf6 12. O-O-O Be7 13. Ne4 Nxe4 14. Qxe4 Nf6
15. Qd3 c5 16. Qb5+ Qd7 17. Qe2 cxd4 18. Bc3 O-O 19. Bxd4 Qc6 20. Ne5 Qe4 21.
Qxe4 Nxe4 22. c3 Rfd8 23. Rhe1 Nf6 24. g4 Nd5 25. Kb1 Bf6 26. Nf3 Rac8 27. Bxf6
Nxf6 28. Ne5 Kf8 29. f3 Ke7 30. c4 Nd7 31. Nxd7 1/2-1/2

[Event "2nd Cairns Cup 2020"]
[Site "Saint Louis USA"]
[Date "2020.02.16"]
[Round "9.5"]
[White "Gunina, Valentina"]
[Black "Lagno, Kateryna"]
[Result "1/2-1/2"]
[WhiteTitle "GM"]
[BlackTitle "GM"]
[WhiteElo "2461"]
[BlackElo "2552"]
[WhiteFideId "4167570"]
[BlackFideId "14109336"]
[EventDate "2020.02.07"]

1. e4 e5 2. Nf3 Nc6 3. Bc4 Bc5 4. d3 Nf6 5. Nc3 a6 6. a3 h6 7. h3 d6 8. Nh2 Nd4
9. Be3 Be6 10. Bxe6 Nxe6 11. Bxc5 dxc5 12. Ng4 Nxg4 13. hxg4 c6 14. Qd2 b5 15.
Ne2 Qd6 16. g5 h5 17. O-O-O O-O-O 18. g3 Kb7 19. f4 Rd7 20. Rhf1 Rhd8 21. fxe5
Qxe5 22. Rf5 Qc7 23. Nf4 c4 24. Rxf7 Nxg5 25. Rxd7 Rxd7 26. Qe2 cxd3 27. cxd3
Qb6 28. Kb1 Qd4 29. Rc1 g6 30. e5 Re7 31. Qc2 Rc7 32. Nxg6 Ne6 33. Rf1 Qd5 34.
Qe2 Rg7 35. Nf4 Nxf4 36. gxf4 Rg2 37. Qe4 h4 38. Qxd5 cxd5 39. Rh1 Rg4 40. f5
Rf4 41. f6 Kc7 42. Rg1 d4 43. Rg6 Kd7 44. f7 Ke7 45. e6 h3 46. Rh6 h2 47. Rxh2
Kxe6 48. Rh6+ Kd5 49. Rxa6 Rxf7 50. Rh6 Rf3 51. Kc2 Rf2+ 52. Kb3 Rd2 53. Rh5+
Kc6 54. Rg5 Rxd3+ 55. Kb4 Rd2 56. Rc5+ Kd6 57. b3 d3 58. Rc8 Kd5 59. Rd8+ Ke4
60. Kxb5 Ra2 61. a4 d2 62. a5 Ke3 63. a6 Ra1 64. b4 d1=Q 65. Rxd1 Rxd1 66. Kc5
Ra1 67. b5 Kd3 68. Kd5 Ra5 69. Kc5 Kc3 70. Kb6 Kb4 71. a7 Rxb5+ 72. Kc6 Ra5 73.
Kb7 Rxa7+ 74. Kxa7 1/2-1/2